Worlds Together Worlds Apart: A History of The World (Vol C) / (Record no. 617059)

000 -LEADER
fixed length control field 00474nam a22001577a 4500
020 ## - INTERNATIONAL STANDARD BOOK NUMBER
Qualifying information PB.
040 ## - CATALOGING SOURCE
Transcribing agency Fizza Ishaq
050 ## - LIBRARY OF CONGRESS CALL NUMBER
Classification number 2nd Ed.
082 ## - DEWEY DECIMAL CLASSIFICATION NUMBER
Edition number New York :
Classification number W W Norton & Co Inc,
Author Mark 2008.
100 ## - MAIN ENTRY--PERSONAL NAME
Personal name Tignor, Robert.
9 (RLIN) 134118
245 ## - TITLE STATEMENT
Title Worlds Together Worlds Apart: A History of The World (Vol C) /
Statement of responsibility, etc. Robert Tignor.
250 ## - EDITION STATEMENT
Edition statement 2nd Ed.
260 ## - PUBLICATION, DISTRIBUTION, ETC.
Place of publication, distribution, etc. New York :
Name of publisher, distributor, etc. W W Norton & Co Inc,
Date of publication, distribution, etc. 2008.
300 ## - PHYSICAL DESCRIPTION
Extent 1024 p, ;
Dimensions 7.8 x 1.5 x 9.4 inches
942 ## - ADDED ENTRY ELEMENTS (KOHA)
Source of classification or shelving scheme
Koha item type Book
Holdings
Withdrawn status Lost status Source of classification or shelving scheme Damaged status Not for loan Permanent Location Current Location Shelving location Date acquired Total Checkouts Full call number Barcode Date last seen Price effective from Koha item type
          NUST Baluchistan Campus (NBC) NUST Baluchistan Campus (NBC) General Stacks 04/14/2026   W W Norton & Co Inc, 2008. QD-453 04/14/2026 04/14/2026 Book
© 2023 Central Library, National University of Sciences and Technology. All Rights Reserved.